000
00284nam a2200121Ia 4500
008
190216s9999||||xx |||||||||||||| ||und||
100
_a
Daniel Defoe
245
0
_a
"Robinson Cruso Of York,Mariner"
260
_b
E J Arnold & Son Ltd
300
_a
95p
650
_a
Novel
942
_c
BK
999
_c
11927
_d
11927